Qualitative analysis for planning and policy : (Record no. 531873)
[ view plain ]
| 000 -LEADER | |
|---|---|
| fixed length control field | 00838cam a2200253 a 4500 |
| 001 - CONTROL NUMBER | |
| control field | 14991987 |
| 005 - DATE AND TIME OF LATEST TRANSACTION | |
| control field | 20191029192707.0 |
| 008 - FIXED-LENGTH DATA ELEMENTS--GENERAL INFORMATION | |
| fixed length control field | 070901s2007 ilua b 001 0 eng |
| 020 ## - INTERNATIONAL STANDARD BOOK NUMBER | |
| International Standard Book Number | 9781932364316 (pbk.) |
| 020 ## - INTERNATIONAL STANDARD BOOK NUMBER | |
| International Standard Book Number | 9781932364323 (hbk.) |
| 040 ## - CATALOGING SOURCE | |
| Transcribing agency | DLC |
| 082 ## - DEWEY DECIMAL CLASSIFICATION NUMBER | |
| Classification number | 307.1216 |
| Author Mark | GAB |
| 100 1# - MAIN ENTRY--PERSONAL NAME | |
| Personal name | Gaber, John. |
| 9 (RLIN) | 25001 |
| 245 10 - TITLE STATEMENT | |
| Title | Qualitative analysis for planning and policy : |
| Remainder of title | beyond the numbers / |
| Statement of responsibility, etc. | John Gaber and Sharon Gaber. |
| 260 ## - PUBLICATION, DISTRIBUTION, ETC. | |
| Place of publication, distribution, etc. | Chicago, IL : |
| Name of publisher, distributor, etc. | Planners Press, |
| Date of publication, distribution, etc. | c2007. |
| 300 ## - PHYSICAL DESCRIPTION | |
| Extent | ix, 166 p. : |
| Other physical details | ill. ; |
| Dimensions | 26 cm. |
| 504 ## - BIBLIOGRAPHY, ETC. NOTE | |
| Bibliography, etc. note | Includes bibliographical references (p. 155-158) and index. |
| 650 #0 - SUBJECT ADDED ENTRY--TOPICAL TERM | |
| Topical term or geographic name entry element | City planning. |
| 9 (RLIN) | 808 |
| 650 #0 - SUBJECT ADDED ENTRY--TOPICAL TERM | |
| Topical term or geographic name entry element | Regional planning. |
| 9 (RLIN) | 23371 |
| 650 #0 - SUBJECT ADDED ENTRY--TOPICAL TERM | |
| Topical term or geographic name entry element | Land use |
| General subdivision | Planning. |
| 9 (RLIN) | 23435 |
| 650 #0 - SUBJECT ADDED ENTRY--TOPICAL TERM | |
| Topical term or geographic name entry element | Qualitative research. |
| 9 (RLIN) | 1575 |
| 700 1# - ADDED ENTRY--PERSONAL NAME | |
| Personal name | Gaber, Sharon. |
| 9 (RLIN) | 25002 |
| 942 ## - ADDED ENTRY ELEMENTS (KOHA) | |
| Source of classification or shelving scheme | |
| Koha item type | Book |
| Withdrawn status | Lost status | Source of classification or shelving scheme | Damaged status | Not for loan | Permanent Location | Current Location | Date acquired | Total Checkouts | Full call number | Barcode | Date last seen | Date last checked out | Price effective from | Koha item type |
|---|---|---|---|---|---|---|---|---|---|---|---|---|---|---|
| School of Civil and Environmental Engineering (SCEE) | School of Civil and Environmental Engineering (SCEE) | 10/29/2019 | 1 | 307.1216 GAB | NIT-12151 | 01/13/2020 | 10/29/2019 | 10/29/2019 | Book |
